| 000 | 00847nam a2200205 i 4500 | ||
|---|---|---|---|
| 001 | 160917 | ||
| 003 | ES-MaACL | ||
| 005 | 20250716063318.0 | ||
| 008 | 041005s1884 sp |||| | spa d | ||
| 040 |
_aCAM _bspa _cCAM |
||
| 100 | 1 |
_aOlazábal, Lucas de, _d1829-1899 _9130605 |
|
| 245 | 1 | 0 |
_aSobre la desamortización de los montes públicos proyectada por el Señor Camacho / _c[L. de Olazabal]. |
| 260 |
_aMadrid : _b[s.n.], _c1884 ( _fImp. de Moreno y Rojas) |
||
| 300 |
_a31 p. ; _c22 cm. |
||
| 594 | _aAutor (p. 31): L. de Olazábal. | ||
| 650 | 4 |
_aMontes públicos- _zEspaña. _9143761 |
|
| 650 | 4 |
_aDesamortización- _zEspaña- _yS.XIX. _9175838 |
|
| 852 | 4 |
_aES-MaACL _jT-433-F-3 _z- Enc. hol., falto de cub. original _z- Enc. en un vol. facticio _z- An. ms.: "Para el Ateneo de Madrid, R.A.S." |
|
| 999 |
_c160917 _d160917 |
||